[Event "Belt and Road Hunan op-B"]
[Site "Changsha"]
[Date "2019.07.31"]
[Round "4"]
[White "Lin, Jinyu"]
[Black "Wu, Xibin"]
[Result "1-0"]
[WhiteElo "2103"]
[BlackElo "2189"]
[PlyCount "95"]
[EventDate "2019.07.29"]
[EventType "swiss"]
[EventRounds "9"]
[EventCountry "CHN"]
[SourceTitle "EXT 2020"]
[Source "ChessBase"]
[SourceDate "2019.10.17"]
[SourceVersion "1"]
[SourceVersionDate "2019.10.17"]
[SourceQuality "1"]

1. e4 c5 2. Nf3 e6 3. c3 Nf6 4. e5 Nd5 5. d4 cxd4 6. cxd4 d6 7. Nc3 Nxc3 8. bxc3 Nc6 9. exd6 Bxd6 10. Bd3 h6 11. 0-0 0-0 12. Qe2 Re8 13. Rd1 Qc7 14. Qe4 f5 15. Qh4 Ne7 16. Re1 Bd7 17. Bd2 Ng6 18. Qh5 Nf4 19. Bxf4 Bxf4 20. g3 Bd6 21. Rac1 Re7 22. Ne5 Be8 23. Qe2 Ba3 24. Rb1 Bd6 25. Nc4 Rd8 26. Nxd6 Rxd6 27. Rbc1 Kf8 28. Qd2 Rd5 29. f4 b5 30. Bc2 Bc6 31. Bb3 Rd6 32. Re5 Bb7 33. h4 Qc6 34. Kh2 a6 35. Rce1 g6 36. d5 Qc5 37. Rxe6 Rexe6 38. Rxe6 Rd7 39. Qd4 Qxd4 40. cxd4 Bxd5 41. Rxg6 Bxb3 42. axb3 Rxd4 43. Rxh6 a5 44. Ra6 Rd3 45. b4 axb4 46. Rf6+ Ke7 47. Rxf5 Kd6 48. Rxb5 1-0

[Event "Belt and Road Hunan op-B"]
[Site "Changsha"]
[Date "2019.07.30"]
[Round "2"]
[White "Wu, Xibin"]
[Black "Khatanbaatar, Bazar"]
[Result "0-1"]
[WhiteElo "2189"]
[BlackElo "2342"]
[PlyCount "31"]
[EventDate "2019.07.29"]
[EventType "swiss"]
[EventRounds "9"]
[EventCountry "CHN"]
[SourceTitle "EXT 2020"]
[Source "ChessBase"]
[SourceDate "2019.10.17"]
[SourceVersion "1"]
[SourceVersionDate "2019.10.17"]
[SourceQuality "1"]

1. c4 c5 2. Nf3 Nc6 3. d4 cxd4 4. Nxd4 g6 5. e4 Bg7 6. Be3 Nf6 7. Nc3 d6 8. Be2 0-0 9. 0-0 Bd7 10. Qd2 Nxd4 11. Bxd4 Bc6 12. Qe3 Nxe4 13. Qd2 Nf6 14. Bd3 Nd7 15. Bxg7 Kxg7 16. Qe3 0-1

[Event "CHN-chTB"]
[Site "Harbin"]
[Date "2019.07.25"]
[Round "9.3"]
[White "Sjugirov, Sanan"]
[Black "Wu, Xibin"]
[Result "1-0"]
[WhiteElo "2667"]
[BlackElo "2189"]
[PlyCount "75"]
[EventDate "2019.07.20"]
[EventType "team-swiss"]
[EventRounds "11"]
[EventCountry "CHN"]
[SourceTitle "CBM 191 Extra"]
[Source "ChessBase"]
[SourceDate "2019.09.30"]
[SourceVersion "1"]
[SourceVersionDate "2019.09.30"]
[SourceQuality "1"]
[WhiteTeam "Qingdao Chengyang"]
[BlackTeam "Heilongjiang"]
[WhiteTeamCountry "CHN"]
[BlackTeamCountry "CHN"]

1. e4 c5 2. Nf3 d6 3. d4 cxd4 4. Nxd4 Nf6 5. Nc3 a6 6. Be3 Ng4 7. Bc1 Nf6 8. h3 e6 9. g4 d5 10. exd5 Nxd5 11. Bd2 Bc5 12. Nb3 Bb4 13. Qf3 Nxc3 14. Bxc3 Bxc3+ 15. Qxc3 0-0 16. Rd1 Qh4 17. Bg2 Nc6 18. Qg3 Qf6 19. c3 e5 20. 0-0 Be6 21. Nc5 Qe7 22. Qe3 Rac8 23. Rfe1 Kh8 24. Nxe6 Qxe6 25. Bxc6 Rxc6 26. Qxe5 Qc8 27. Qf5 Qb8 28. Rd7 Rf6 29. Qd5 h5 30. Rxb7 Qf4 31. Qxh5+ Kg8 32. Qc5 Rd8 33. Qe3 Qa4 34. Re7 Qxa2 35. Re8+ Rxe8 36. Qxe8+ Kh7 37. Qe4+ g6 38. Qd4 1-0

[Event "CHN-chB"]
[Site "Hangzhou"]
[Date "2019.07.06"]
[Round "10"]
[White "Wu, Xibin"]
[Black "Yang, Bokai"]
[Result "0-1"]
[WhiteElo "2189"]
[BlackElo "1927"]
[PlyCount "108"]
[EventDate "2019.07.02"]
[EventType "swiss"]
[EventRounds "11"]
[EventCountry "CHN"]
[SourceTitle "CBM 191 Extra"]
[Source "ChessBase"]
[SourceDate "2019.09.30"]
[SourceVersion "1"]
[SourceVersionDate "2019.09.30"]
[SourceQuality "1"]

1. d4 d5 2. c4 e6 3. Nf3 Nf6 4. Nc3 c6 5. e3 Nbd7 6. Qc2 Bd6 7. Bd3 0-0 8. 0-0 dxc4 9. Bxc4 e5 10. Rd1 Qe7 11. h3 h6 12. Nh4 Nb6 13. Ng6 Qc7 14. dxe5 Bxe5 15. Nxe5 Qxe5 16. Bd3 Nfd5 17. Bd2 Nb4 18. Bh7+ Kh8 19. Qe4 Qxe4 20. Bxe4 Be6 21. Ne2 N4d5 22. Nd4 Nc4 23. Nxe6 fxe6 24. Be1 Nxb2 25. Rdb1 Nc4 26. Bxd5 exd5 27. Rxb7 Rfb8 28. Rab1 Nb6 29. Re7 Re8 30. Bb4 Rxe7 31. Bxe7 Kg8 32. Kf1 Kf7 33. Bc5 Ke6 34. Ke2 Nd7 35. Bd4 g6 36. g4 c5 37. Bg7 h5 38. Rb5 hxg4 39. hxg4 Kd6 40. f4 Kc6 41. Rb1 Rg8 42. Bc3 Re8 43. Kf3 Nb6 44. Re1 Nc4 45. Re2 Rd8 46. Bf6 Rd6 47. Be5 Rd7 48. Re1 Nxe5+ 49. fxe5 Re7 50. Kf4 c4 51. Rb1 Kc5 52. Rb8 Re6 53. Kf3 Rxe5 54. a3 Re6 0-1

[Event "CHN-chB"]
[Site "Hangzhou"]
[Date "2019.07.06"]
[Round "9"]
[White "Xie, Kaifan"]
[Black "Wu, Xibin"]
[Result "1/2-1/2"]
[WhiteElo "1960"]
[BlackElo "2189"]
[PlyCount "96"]
[EventDate "2019.07.02"]
[EventType "swiss"]
[EventRounds "11"]
[EventCountry "CHN"]
[SourceTitle "CBM 191 Extra"]
[Source "ChessBase"]
[SourceDate "2019.09.30"]
[SourceVersion "1"]
[SourceVersionDate "2019.09.30"]
[SourceQuality "1"]

1. d4 d5 2. c4 e6 3. Nc3 Nf6 4. Bg5 Be7 5. Nf3 0-0 6. e3 b6 7. Bd3 Bb7 8. 0-0 Nbd7 9. Qe2 c5 10. Rfd1 cxd4 11. Nxd4 Ne5 12. Bxf6 Bxf6 13. cxd5 Nxd3 14. Qxd3 Bxd5 15. Qb5 a6 16. Qe2 Qd7 17. Rac1 Rfd8 18. Nxd5 exd5 19. b3 b5 20. Qd2 Rac8 21. h3 Qd6 22. Ne2 Qa3 23. Rxc8 Rxc8 24. Nf4 Bc3 25. Qc2 Qb2 26. Rc1 Qxc2 27. Rxc2 Rc5 28. Nd3 Rc7 29. Nb4 Be5 30. Rxc7 Bxc7 31. Nxa6 Bd6 32. b4 Kf8 33. Kf1 Ke7 34. Ke2 Kd7 35. Kd3 Kc6 36. Kd4 Be7 37. Nc5 Bf6+ 38. Kd3 Be7 39. a3 Bxc5 40. bxc5 Kxc5 41. Kc3 g5 42. g3 h5 43. g4 hxg4 44. hxg4 f6 45. Kd3 Kd6 46. Kd4 Kc6 47. f3 Kd6 48. f4 f5 1/2-1/2

[Event "CHN-chT"]
[Site "Daqing"]
[Date "2019.06.19"]
[Round "1.1"]
[White "Wen, Yang"]
[Black "Wu, Xibin"]
[Result "1-0"]
[WhiteElo "2588"]
[BlackElo "2203"]
[PlyCount "83"]
[EventDate "2019.06.19"]
[EventType "team-swiss"]
[EventRounds "9"]
[EventCountry "CHN"]
[SourceTitle "CBM 191 Extra"]
[Source "ChessBase"]
[SourceDate "2019.09.30"]
[SourceVersion "1"]
[SourceVersionDate "2019.09.30"]
[SourceQuality "1"]
[WhiteTeam "Shandong"]
[BlackTeam "Heilongjiang"]
[WhiteTeamCountry "CHN"]
[BlackTeamCountry "CHN"]

1. e4 e5 2. Nf3 Nc6 3. Bc4 Bc5 4. c3 Nf6 5. d3 d6 6. 0-0 0-0 7. Re1 a6 8. a4 Ba7 9. h3 Be6 10. Nbd2 Qd7 11. b4 Bxc4 12. Nxc4 b5 13. Na3 h6 14. Bb2 Rab8 15. axb5 axb5 16. Nc2 Bb6 17. Na3 Rfe8 18. Qd2 Ne7 19. c4 bxc4 20. Nxc4 Nc6 21. Bc3 Bd4 22. Bxd4 exd4 23. Reb1 d5 24. exd5 Qxd5 25. Na3 Ne5 26. Nxe5 Rxe5 27. Nc4 Re6 28. Ra5 Qd7 29. Qf4 Qe7 30. b5 Rd8 31. Rba1 Kh7 32. Ra6 Rd5 33. Ra7 Rxb5 34. Rxc7 Nh5 35. Qxf7 Qxf7 36. Rxf7 Rb3 37. Rf3 g5 38. Nd2 Rb2 39. Ne4 Nf4 40. h4 Nxd3 41. Ra7+ Kg6 42. h5+ 1-0

[Event "CHN-chT2"]
[Site "Jiangmen"]
[Date "2018.07.14"]
[Round "7.2"]
[White "Bacrot, Etienne"]
[Black "Wu, Xibin"]
[Result "1-0"]
[WhiteElo "2710"]
[BlackElo "2221"]
[PlyCount "79"]
[EventDate "2018.07.10"]
[EventType "team-swiss"]
[EventRounds "11"]
[EventCountry "CHN"]
[SourceTitle "EXT 2019"]
[Source "ChessBase"]
[SourceDate "2018.10.10"]
[SourceVersion "1"]
[SourceVersionDate "2018.10.10"]
[SourceQuality "1"]
[WhiteTeam "Chongqing Kowloon Kylin"]
[BlackTeam "Heilongjiang Chess and Cards"]
[WhiteTeamCountry "CHN"]
[BlackTeamCountry "CHN"]

1. e4 c5 2. Nf3 d6 3. Bb5+ Bd7 4. Bxd7+ Qxd7 5. c4 Nf6 6. Nc3 g6 7. d4 cxd4 8. Nxd4 Bg7 9. f3 0-0 10. Be3 Nc6 11. 0-0 a6 12. Qd3 Ne5 13. Qe2 Rfc8 14. b3 e6 15. Rac1 d5 16. f4 Neg4 17. e5 Nxe3 18. Qxe3 Ng4 19. Qe2 dxc4 20. Rfd1 h5 21. h3 Nh6 22. bxc4 Qe7 23. Ne4 Nf5 24. c5 Rc7 25. Nd6 Bh6 26. Qf2 h4 27. N4xf5 exf5 28. Rb1 Rd8 29. Rb6 Rdd7 30. Rdb1 Bg7 31. Kh1 f6 32. exf6 Bxf6 33. Re1 Bd4 34. Qf1 Qg7 35. Ne8 Qf7 36. Nxc7 Rxc7 37. Ree6 Bxc5 38. Rxg6+ Kh7 39. Rh6+ Kg7 40. Qa1+ 1-0

[Event "CHN-chTB"]
[Site "Qinhuangdao"]
[Date "2017.07.13"]
[Round "7.3"]
[White "Ma, Ling"]
[Black "Wu, Xibin"]
[Result "1-0"]
[WhiteElo "2025"]
[BlackElo "2230"]
[PlyCount "81"]
[EventDate "2017.07.10"]
[EventType "team-tourn"]
[EventRounds "11"]
[EventCountry "CHN"]
[SourceTitle "EXT 2018"]
[Source "ChessBase"]
[SourceDate "2017.10.13"]
[SourceVersion "1"]
[SourceVersionDate "2017.10.13"]
[SourceQuality "1"]
[WhiteTeam "Wuxi Training Base"]
[BlackTeam "Heilongjiang"]
[WhiteTeamCountry "CHN"]
[BlackTeamCountry "CHN"]

1. e4 g6 2. d4 Bg7 3. Nc3 d6 4. Nf3 Nf6 5. Be2 0-0 6. 0-0 c6 7. a4 Qc7 8. h3 e5 9. dxe5 dxe5 10. Bc4 Nbd7 11. Be3 Re8 12. Ng5 Re7 13. a5 h6 14. Nf3 Nf8 15. Qc1 Kh7 16. Bc5 Re8 17. Qe3 a6 18. Rfd1 Be6 19. Bd6 Qc8 20. Nxe5 Bxc4 21. Nxc4 Qe6 22. Nb6 Rad8 23. e5 N6d7 24. Bc7 Nxb6 25. Rxd8 Rxd8 26. Bxd8 Nc4 27. Qc5 Nd7 28. Qe7 Qf5 29. e6 Nde5 30. exf7 Nxf7 31. Rd1 Nce5 32. Bc7 Qxc2 33. Re1 Qxb2 34. Rxe5 Qc1+ 35. Nd1 Qxd1+ 36. Re1 Qd5 37. Qe6 Qd2 38. Rb1 Ng5 39. Qe7 Qd4 40. Rxb7 Ne4 41. Be5 1-0

[Event "CHN Team"]
[Site "Beijing"]
[Date "2017.06.07"]
[Round "2.5"]
[White "Wu, Xibin"]
[Black "Xu, Yi"]
[Result "0-1"]
[WhiteElo "2232"]
[BlackElo "2451"]
[PlyCount "58"]
[EventDate "2017.06.06"]
[EventType "team-swiss"]
[EventRounds "9"]
[EventCountry "CHN"]
[SourceTitle "CBM 178 Extra"]
[Source "ChessBase"]
[SourceDate "2017.06.22"]
[SourceVersion "1"]
[SourceVersionDate "2017.06.22"]
[SourceQuality "1"]
[WhiteTeam "Heilongjiang"]
[BlackTeam "Shanghai"]
[WhiteTeamCountry "CHN"]
[BlackTeamCountry "CHN"]

1. d4 Nf6 2. c4 e6 3. Nf3 d5 4. Nc3 Bb4 5. e3 0-0 6. Bd3 c5 7. 0-0 cxd4 8. exd4 dxc4 9. Bxc4 b6 10. Bg5 Bb7 11. Re1 Nbd7 12. Qb3 Bxc3 13. bxc3 Bxf3 14. gxf3 Qc7 15. Rac1 h6 16. Bh4 Qf4 17. Bg3 Qxf3 18. Bf1 Rac8 19. Bg2 Qg4 20. Bb7 Rcd8 21. Qb5 Nd5 22. c4 Nf4 23. c5 bxc5 24. dxc5 Nf6 25. c6 Nh3+ 26. Kg2 Nf4+ 27. Kg1 Nh3+ 28. Kf1 Rd2 29. c7 Qxg3 0-1

[Event "CHN Team"]
[Site "Wuxi"]
[Date "2016.08.04"]
[Round "9.5"]
[White "Li, Shilong"]
[Black "Wu, Xibin"]
[Result "1-0"]
[WhiteElo "2512"]
[BlackElo "2257"]
[PlyCount "53"]
[EventDate "2016.07.28"]
[EventType "team-swiss"]
[EventRounds "9"]
[EventCountry "CHN"]
[SourceTitle "CBM 173 Extra"]
[Source "ChessBase"]
[SourceDate "2016.08.29"]
[SourceVersion "1"]
[SourceVersionDate "2016.08.29"]
[SourceQuality "1"]
[WhiteTeam "Guangdong"]
[BlackTeam "Heilongjiang Qipai"]
[WhiteTeamCountry "CHN"]
[BlackTeamCountry "CHN"]

1. Nf3 d5 2. d4 Nf6 3. c4 e6 4. Bg5 Be7 5. Qc2 h6 6. Bxf6 Bxf6 7. e3 0-0 8. h4 c5 9. g4 Nc6 10. g5 Nb4 11. Qd2 hxg5 12. hxg5 Bxg5 13. dxc5 a5 14. a3 Nc6 15. Nc3 dxc4 16. Qc2 Bh6 17. Bxc4 Qf6 18. Ke2 Rd8 19. Rag1 Kf8 20. Rh5 Qe7 21. Ne4 e5 22. Nfg5 Rd4 23. Rxh6 gxh6 24. Nh7+ Ke8 25. Nhf6+ Kd8 26. exd4 Nxd4+ 27. Kd1 1-0

[Event "CHN Team"]
[Site "Wuxi"]
[Date "2016.08.03"]
[Round "8.4"]
[White "Li, Yankai"]
[Black "Wu, Xibin"]
[Result "1/2-1/2"]
[WhiteElo "2234"]
[BlackElo "2257"]
[PlyCount "98"]
[EventDate "2016.07.28"]
[EventType "team-swiss"]
[EventRounds "9"]
[EventCountry "CHN"]
[SourceTitle "CBM 173 Extra"]
[Source "ChessBase"]
[SourceDate "2016.08.29"]
[SourceVersion "1"]
[SourceVersionDate "2016.08.29"]
[SourceQuality "1"]
[WhiteTeam "Tianjing Chunhua"]
[BlackTeam "Heilongjiang Qipai"]
[WhiteTeamCountry "CHN"]
[BlackTeamCountry "CHN"]

1. e4 c6 2. d4 d5 3. Nc3 dxe4 4. Nxe4 Nd7 5. Bc4 Ngf6 6. Nxf6+ Nxf6 7. c3 Qc7 8. Qf3 Bg4 9. Qg3 Qxg3 10. hxg3 e6 11. f3 Bf5 12. g4 Bg6 13. a4 Bd6 14. Ne2 Nd5 15. Bd2 0-0-0 16. Kf2 h6 17. b4 f6 18. Rae1 Rhe8 19. Bb3 b6 20. Rc1 Kb7 21. Rhd1 Rd7 22. b5 cxb5 23. axb5 Nc7 24. Be3 Nd5 25. Bd2 Rc7 26. c4 Nb4 27. Bxb4 Bxb4 28. Nf4 Bf7 29. Nd3 Ba3 30. Ra1 Bf8 31. c5 g5 32. Nb4 bxc5 33. Na6 Rcc8 34. dxc5 Red8 35. Ke2 Rxd1 36. Rxd1 Be8 37. c6+ Bxc6 38. bxc6+ Kxa6 39. Rc1 Bd6 40. Kd3 Bf4 41. Rc2 Rd8+ 42. Ke4 f5+ 43. gxf5 exf5+ 44. Kxf5 Kb6 45. Be6 Rd4 46. Bd7 Rb4 47. Kg6 a5 48. Ra2 Ka6 49. g4 Rb3 1/2-1/2

[Event "CHN Team"]
[Site "Wuxi"]
[Date "2016.07.29"]
[Round "2.2"]
[White "Wu, Xibin"]
[Black "Lin, Chen"]
[Result "0-1"]
[WhiteElo "2257"]
[BlackElo "2519"]
[PlyCount "84"]
[EventDate "2016.07.28"]
[EventType "team-swiss"]
[EventRounds "9"]
[EventCountry "CHN"]
[SourceTitle "CBM 173 Extra"]
[Source "ChessBase"]
[SourceDate "2016.08.29"]
[SourceVersion "1"]
[SourceVersionDate "2016.08.29"]
[SourceQuality "1"]
[WhiteTeam "Heilongjiang Qipai"]
[BlackTeam "Jiangsu Lvyang"]
[WhiteTeamCountry "CHN"]
[BlackTeamCountry "CHN"]

1. c4 c6 2. Nf3 d5 3. e3 Nf6 4. Nc3 a6 5. b3 Bg4 6. Be2 e6 7. 0-0 Bd6 8. h3 Bxf3 9. Bxf3 0-0 10. Bb2 Nbd7 11. d4 Qe7 12. a3 Rfd8 13. Qc2 Rac8 14. Rfd1 Bb8 15. g3 Ne8 16. Bg2 Nd6 17. Qe2 f5 18. a4 Nf6 19. Ba3 Qf7 20. Bxd6 Bxd6 21. c5 Bc7 22. f4 a5 23. Rab1 b6 24. cxb6 Bxb6 25. b4 Qa7 26. Qb2 Rb8 27. b5 c5 28. Ne2 Rbc8 29. Rdc1 Rd7 30. dxc5 Bxc5 31. Kh2 Qb8 32. Qe5 Rd6 33. Qc3 Rdd8 34. Qxa5 Bxe3 35. Rxc8 Rxc8 36. b6 Rc2 37. Qa6 Rc4 38. a5 h5 39. Qb5 h4 40. Kh1 Rc8 41. Qb4 Kh7 42. b7 Rc4 0-1

[Event "CHN Team"]
[Site "Wuxi"]
[Date "2016.07.28"]
[Round "1.6"]
[White "Lu, Kaiyan"]
[Black "Wu, Xibin"]
[Result "0-1"]
[WhiteElo "1511"]
[BlackElo "2257"]
[PlyCount "118"]
[EventDate "2016.07.28"]
[EventType "team-swiss"]
[EventRounds "9"]
[EventCountry "CHN"]
[SourceTitle "CBM 173 Extra"]
[Source "ChessBase"]
[SourceDate "2016.08.29"]
[SourceVersion "1"]
[SourceVersionDate "2016.08.29"]
[SourceQuality "1"]
[WhiteTeam "Shanxi Huxiaoling"]
[BlackTeam "Heilongjiang Qipai"]
[WhiteTeamCountry "CHN"]
[BlackTeamCountry "CHN"]

1. e4 c5 2. Nf3 e6 3. d4 cxd4 4. Nxd4 Nc6 5. Nb5 d6 6. c4 Nf6 7. N1c3 a6 8. Na3 Be7 9. Be2 b6 10. 0-0 Bb7 11. Be3 Ne5 12. f3 0-0 13. Rc1 Rc8 14. Qd2 Qc7 15. Rfd1 Rfe8 16. Bf1 Ned7 17. Nc2 Qb8 18. Nd4 Bd8 19. Kh1 Bc7 20. Bg1 d5 21. cxd5 Bf4 22. Be3 Bxe3 23. Qxe3 exd5 24. Bd3 Nc5 25. Nf5 dxe4 26. Bc4 Ne6 27. Bxe6 Rxe6 28. fxe4 Ng4 29. Qg3 Qxg3 30. Nxg3 Nf2+ 31. Kg1 Nxd1 32. Rxd1 g6 33. Kf2 Kf8 34. Rd4 Ke7 35. Nge2 Rd6 36. Ke3 Rxd4 37. Kxd4 Rd8+ 38. Ke3 Kd6 39. Nd4 Re8 40. Kd3 Bc6 41. Nf3 f6 42. Kd4 a5 43. a4 g5 44. h4 g4 45. Nh2 h5 46. Nf1 f5 47. exf5 Bxg2 48. Ne3 Bf3 49. Nc4+ Ke7 50. Ke3 Kf6+ 51. Kf4 Rd8 52. Nxb6 Rd6 53. Nc8 Rc6 54. Na7 Rc4+ 55. Kg3 Kxf5 56. Nab5 Ke5 57. Na3 Rd4 58. Nc2 Rd2 59. Ne3 Bd5 0-1

[Event "CHN-chTB"]
[Site "Harbin"]
[Date "2016.07.12"]
[Round "4.3"]
[White "Zhou, Jiangnan"]
[Black "Wu, Xibin"]
[Result "1/2-1/2"]
[WhiteElo "2161"]
[BlackElo "2257"]
[PlyCount "62"]
[EventDate "2016.07.11"]
[EventType "team-swiss"]
[EventRounds "11"]
[EventCountry "CHN"]
[SourceTitle "CBM 173 Extra"]
[Source "ChessBase"]
[SourceDate "2016.08.29"]
[SourceVersion "1"]
[SourceVersionDate "2016.08.29"]
[SourceQuality "1"]
[WhiteTeam "Qingdao Qingwei"]
[BlackTeam "Heilongjiang BG Center"]
[WhiteTeamCountry "CHN"]
[BlackTeamCountry "CHN"]

1. d4 Nf6 2. c4 e6 3. Nc3 Bb4 4. f3 d5 5. a3 Bxc3+ 6. bxc3 c5 7. cxd5 Nxd5 8. dxc5 Qa5 9. e4 Ne7 10. Be3 0-0 11. Qb3 Na6 12. Bc4 Nc6 13. Ne2 e5 14. 0-0 Qc7 15. Bd5 Na5 16. Qb2 Bd7 17. c4 Nxc5 18. f4 Be6 19. Qxe5 Qxe5 20. fxe5 Rac8 21. Nf4 Rfe8 22. Bxc5 Rxc5 23. Rac1 b6 24. Rcd1 h6 25. Bxe6 fxe6 26. Rd7 Rxe5 27. Nd3 Rg5 28. h4 Rg4 29. Ne5 Rxe4 30. Rff7 Rxe5 31. Rxg7+ Kh8 1/2-1/2

[Event "China Mind Team 3rd"]
[Site "Zaozhuang"]
[Date "2015.08.29"]
[Round "2.6"]
[White "Zeng, Chongsheng"]
[Black "Wu, Xibin"]
[Result "1-0"]
[WhiteElo "2524"]
[BlackElo "2257"]
[PlyCount "80"]
[EventDate "2015.08.29"]
[EventType "team-swiss"]
[EventRounds "7"]
[EventCountry "CHN"]
[SourceTitle "EXT 2016"]
[Source "ChessBase"]
[SourceDate "2015.10.08"]
[SourceVersion "1"]
[SourceVersionDate "2015.10.08"]
[SourceQuality "1"]
[WhiteTeam "Guangdong"]
[BlackTeam "Heilongjiang"]
[WhiteTeamCountry "CHN"]
[BlackTeamCountry "CHN"]

1. b3 Nf6 2. Bb2 g6 3. Bxf6 exf6 4. c4 Bg7 5. Nc3 f5 6. Rc1 0-0 7. g3 Re8 8. Bg2 d6 9. e3 Nd7 10. Nge2 Nf6 11. 0-0 Rb8 12. d3 Bd7 13. b4 a6 14. a4 h5 15. h4 Bc6 16. Nd5 Qd7 17. Nec3 b6 18. b5 Bb7 19. Nxf6+ Bxf6 20. Bxb7 Rxb7 21. Nd5 Bg7 22. Nb4 axb5 23. cxb5 Ra7 24. d4 f4 25. exf4 Re4 26. Nc6 Ra8 27. Kg2 Rae8 28. Qf3 Qf5 29. Rfd1 Bf6 30. Rd2 Bxh4 31. Nb4 Bxg3 32. Qxg3 Rxf4 33. f3 Rxf3 34. Qxf3 Qg5+ 35. Kh1 Qxd2 36. Rf1 f5 37. Qg2 Qh6 38. Nd5 Kf7 39. Nxc7 Re4 40. Qxe4 h4 1-0

[Event "CHN-chB"]
[Site "Zhongshan"]
[Date "2015.07.19"]
[Round "5"]
[White "Liu, Qingnan"]
[Black "Wu, Xibin"]
[Result "1-0"]
[WhiteElo "2525"]
[BlackElo "2273"]
[PlyCount "59"]
[EventDate "2015.07.17"]
[EventType "swiss"]
[EventRounds "11"]
[EventCountry "CHN"]
[SourceTitle "CBM 167 Extra"]
[Source "ChessBase"]
[SourceDate "2015.09.14"]
[SourceVersion "1"]
[SourceVersionDate "2015.09.14"]
[SourceQuality "1"]

1. e4 d5 2. exd5 Qxd5 3. Nc3 Qd6 4. d4 Nf6 5. g3 Bg4 6. f3 Bh5 7. Bf4 Qb6 8. Qd2 c6 9. Na4 Qd8 10. c4 e6 11. g4 Bg6 12. h4 h6 13. 0-0-0 Nbd7 14. Bd3 Bxd3 15. Qxd3 Qa5 16. Nc3 0-0-0 17. Rh2 Bb4 18. Rc2 e5 19. dxe5 Nxe5 20. Qf5+ Ned7 21. Qxa5 Bxa5 22. Nb5 Bc7 23. Bxc7 Rdg8 24. g5 hxg5 25. hxg5 cxb5 26. gxf6 Kxc7 27. cxb5+ Kd8 28. Rcd2 gxf6 29. Rxd7+ Kc8 30. Ne2 1-0

[Event "CHN Team"]
[Site "Zhongshan"]
[Date "2015.07.12"]
[Round "3"]
[White "Wu, Xibin"]
[Black "Xiao, Junyuan"]
[Result "0-1"]
[WhiteElo "2273"]
[BlackElo "2020"]
[PlyCount "92"]
[EventDate "2015.07.11"]
[EventType "team-swiss"]
[EventRounds "11"]
[EventCountry "CHN"]
[SourceTitle "CBM 167 Extra"]
[Source "ChessBase"]
[SourceDate "2015.09.14"]
[SourceVersion "1"]
[SourceVersionDate "2015.09.14"]
[SourceQuality "1"]
[WhiteTeam "Heilongjiang"]
[BlackTeam "Chongqing Unicorn"]
[WhiteTeamCountry "CHN"]
[BlackTeamCountry "CHN"]

1. d4 Nf6 2. c4 e6 3. Nc3 Bb4 4. e3 0-0 5. Nge2 d5 6. a3 Bxc3+ 7. Nxc3 b6 8. b4 dxc4 9. Bxc4 c5 10. dxc5 Qxd1+ 11. Kxd1 bxc5 12. b5 Nbd7 13. Kc2 Nb6 14. Be2 Bb7 15. f3 Nfd5 16. Bd2 a6 17. Rhb1 f5 18. Nxd5 Bxd5 19. Ba5 Bc4 20. Bxb6 Bxe2 21. bxa6 Bxa6 22. a4 Rfc8 23. a5 Kf7 24. Kb3 Bd3 25. Rd1 c4+ 26. Kc3 Rc6 27. Bd4 e5 28. Bb6 Ra6 29. f4 Re6 30. fxe5 Rxe5 31. Rd2 Rd5 32. Ra4 g5 33. Rb4 Kg6 34. Rdb2 Bf1 35. Rf2 Bd3 36. Bc7 Kh5 37. Rb8 Rc6 38. Bb6 Be4 39. Rd2 Rd3+ 40. Rxd3 cxd3+ 41. Kd2 Rc2+ 42. Ke1 Re2+ 43. Kd1 Rxg2 44. Rd8 Rxh2 45. a6 Ra2 46. a7 Kg4 0-1

[Event "Zhongshan zt 3.5"]
[Site "Zhongshan"]
[Date "2014.11.03"]
[Round "9"]
[White "Wu, Xibin"]
[Black "Teng, Jiarong"]
[Result "1-0"]
[WhiteElo "2278"]
[BlackElo "2092"]
[PlyCount "55"]
[EventDate "2014.10.26"]
[EventType "swiss"]
[EventRounds "11"]
[EventCountry "CHN"]
[SourceTitle "EXT 2015"]
[Source "ChessBase"]
[SourceDate "2014.11.20"]
[SourceVersion "1"]
[SourceVersionDate "2014.11.20"]
[SourceQuality "1"]

1. Nf3 Nf6 2. c4 c6 3. d4 d5 4. e3 Bf5 5. Nc3 e6 6. Nh4 Bg6 7. Bd2 Nbd7 8. Be2 Bd6 9. 0-0 0-0 10. Nxg6 hxg6 11. Qc2 dxc4 12. Bxc4 e5 13. Qxg6 Nb6 14. Bb3 Nbd5 15. Qf5 exd4 16. exd4 Qb6 17. Be3 Rfe8 18. Rfe1 Nxe3 19. fxe3 Rxe3 20. Rxe3 Qxd4 21. Bxf7+ Kxf7 22. Qe6+ Kf8 23. Rd1 Bxh2+ 24. Kh1 Qc5 25. Rh3 Nh5 26. Rf1+ Bf4 27. Rxf4+ Nxf4 28. Rh8# 1-0

[Event "Zhongshan zt 3.5"]
[Site "Zhongshan"]
[Date "2014.10.30"]
[Round "5"]
[White "Ju, Wenjun"]
[Black "Wu, Xibin"]
[Result "1-0"]
[WhiteElo "2582"]
[BlackElo "2278"]
[PlyCount "85"]
[EventDate "2014.10.26"]
[EventType "swiss"]
[EventRounds "11"]
[EventCountry "CHN"]
[SourceTitle "EXT 2015"]
[Source "ChessBase"]
[SourceDate "2014.11.20"]
[SourceVersion "1"]
[SourceVersionDate "2014.11.20"]
[SourceQuality "1"]

1. d4 e6 2. c4 c5 3. d5 exd5 4. cxd5 d6 5. Nc3 g6 6. Nf3 Bg7 7. g3 Ne7 8. Bg2 a6 9. a4 0-0 10. 0-0 Nf5 11. Bf4 Re8 12. Qd2 Nd7 13. Rab1 Ne5 14. Nxe5 dxe5 15. Be3 c4 16. b3 cxb3 17. Rxb3 Nd4 18. Rb2 Rb8 19. f4 b5 20. fxe5 Nf5 21. Bf4 b4 22. Ne4 Qb6+ 23. Kh1 Bxe5 24. Bxe5 Rxe5 25. Qf4 Rxe4 26. Bxe4 Nd6 27. Bg2 a5 28. e4 Ba6 29. Rc1 Nc4 30. Rf2 Rf8 31. Kg1 f6 32. Bf1 Ne5 33. Bxa6 Qxa6 34. Qe3 Ng4 35. Qe2 Qxe2 36. Rxe2 Rb8 37. Rc5 b3 38. Rb2 Rb4 39. Rxa5 Kg7 40. d6 Kf7 41. Rd5 Ke8 42. d7+ Kd8 43. a5 1-0

[Event "Zhongshan zt 3.5"]
[Site "Zhongshan"]
[Date "2014.10.28"]
[Round "3"]
[White "Zhao, Jun"]
[Black "Wu, Xibin"]
[Result "1-0"]
[WhiteElo "2578"]
[BlackElo "2278"]
[PlyCount "91"]
[EventDate "2014.10.26"]
[EventType "swiss"]
[EventRounds "11"]
[EventCountry "CHN"]
[SourceTitle "EXT 2015"]
[Source "ChessBase"]
[SourceDate "2014.11.20"]
[SourceVersion "1"]
[SourceVersionDate "2014.11.20"]
[SourceQuality "1"]

1. e4 c6 2. d4 d5 3. Nc3 dxe4 4. Nxe4 Nd7 5. Bc4 Ngf6 6. Nxf6+ Nxf6 7. c3 e6 8. Nf3 c5 9. 0-0 Be7 10. Qe2 0-0 11. dxc5 Bxc5 12. Bf4 Bd7 13. Ne5 Bc6 14. Rad1 Qb6 15. Bd3 a5 16. a3 Rac8 17. b4 axb4 18. axb4 Be7 19. Nc4 Qb5 20. Nd6 Qb6 21. Nxc8 Rxc8 22. Be5 Ba4 23. Ra1 Be8 24. Ra3 Nd5 25. Qe4 g6 26. Qd4 Qd8 27. Be4 Bc6 28. Rd1 Qf8 29. Bxd5 Bxd5 30. Qe3 f6 31. Bd4 Qe8 32. f3 Qc6 33. Rda1 Qe8 34. Ra5 Bc4 35. Bc5 Bd8 36. Ra8 Bc7 37. Rxc8 Qxc8 38. Bb6 Bd6 39. Qd4 Be5 40. Qd2 g5 41. Bd4 Bf4 42. Be3 Bc7 43. Qd4 Be5 44. Qc5 Qxc5 45. Bxc5 Kf7 46. Ra7 1-0